000
00294nam a22001337a 4500
008
180926b xxu||||| |||| 00| 0 eng d
020
_a
9780070421875
041
_a
eng
080
_a
101
100
_a
24
101
_a
FIL
245
_a
Questions that Matter
_c
Miller, Ed. L
942
_2
udc
_c
BK
999
_c
48507
_d
48507